000 00270nam a2200109Ia 4500
008 200302s9999 xx 000 0 und d
100 _aJohn W. Mills
245 _aEncyclopedia of Sculpture Techniques
260 _bB.T. Batsford Ltd.
260 _c2001
300 _a233 P.,
999 _c1955
_d1955